ARRUPE JESUIT UNIVERSITY

CORONAVIRUS -STOP THE SPREAD - CLEAN,DISINFECT,COVER

African experiences of cinema / (Record no. 128256)

MARC details
000 -LEADER
fixed length control field 01425cam a2200349 a 4500
001 - CONTROL NUMBER
control field 714967
003 - CONTROL NUMBER IDENTIFIER
control field ARRUPE
005 - DATE AND TIME OF LATEST TRANSACTION
control field 20180925103200.0
008 - FIXED-LENGTH DATA ELEMENTS--GENERAL INFORMATION
fixed length control field 970322s1996 enkb b 001 0 eng
010 ## - LIBRARY OF CONGRESS CONTROL NUMBER
LC control number 97131168
020 ## - INTERNATIONAL STANDARD BOOK NUMBER
International Standard Book Number 0851705103
020 ## - INTERNATIONAL STANDARD BOOK NUMBER
International Standard Book Number 0851705111 (pbk)
040 ## - CATALOGING SOURCE
Original cataloging agency DLC
Transcribing agency DLC
Modifying agency DLC
050 00 - LIBRARY OF CONGRESS CALL NUMBER
Classification number PN1993.5.A35
Item number A36 1996
082 00 - DEWEY DECIMAL CLASSIFICATION NUMBER
Classification number 791.43/096
Edition number 21
300 ## - PHYSICAL DESCRIPTION
Other physical details map ;
Dimensions 24 cm.
100 ## - MAIN ENTRY--PERSONAL NAME
Personal name Bakari, Imruh (ed.)
9 (RLIN) 42544
245 00 - TITLE STATEMENT
Title African experiences of cinema /
Statement of responsibility, etc edited by Imruh Bakari and Mbye B. Cham.
260 ## - PUBLICATION, DISTRIBUTION, ETC. (IMPRINT)
Place of publication, distribution, etc London :
Name of publisher, distributor, etc BFI Pub.,
Date of publication, distribution, etc 1996.
300 ## - PHYSICAL DESCRIPTION
Extent x, 276 p. :
504 ## - BIBLIOGRAPHY, ETC. NOTE
Bibliography, etc Includes bibliographical references (p. 262) and index.
650 #0 - SUBJECT ADDED ENTRY--TOPICAL TERM
Topical term or geographic name as entry element Motion pictures
Geographic subdivision Africa.
9 (RLIN) 23010
700 1# - ADDED ENTRY--PERSONAL NAME
Personal name Cham, Mbye B.
Relator term ed.
9 (RLIN) 42545
710 2# - ADDED ENTRY--CORPORATE NAME
Corporate name or jurisdiction name as entry element British Film Institute.
9 (RLIN) 42546
856 42 - ELECTRONIC LOCATION AND ACCESS
Materials specified Contributor biographical information
Uniform Resource Identifier <a href="http://www.loc.gov/catdir/bios/ucal053/97131168.html">http://www.loc.gov/catdir/bios/ucal053/97131168.html</a>
856 41 - ELECTRONIC LOCATION AND ACCESS
Materials specified Table of contents
Uniform Resource Identifier <a href="http://www.loc.gov/catdir/toc/ucal041/97131168.html">http://www.loc.gov/catdir/toc/ucal041/97131168.html</a>
856 42 - ELECTRONIC LOCATION AND ACCESS
Materials specified Publisher description
Uniform Resource Identifier <a href="http://www.loc.gov/catdir/description/ucal042/97131168.html">http://www.loc.gov/catdir/description/ucal042/97131168.html</a>
856 42 - ELECTRONIC LOCATION AND ACCESS
Materials specified Book review (H-Net)
Uniform Resource Identifier <a href="http://www.h-net.org/review/hrev-a0a6f5-aa">http://www.h-net.org/review/hrev-a0a6f5-aa</a>
906 ## - LOCAL DATA ELEMENT F, LDF (RLIN)
a 7
b cbc
c orignew
d 2
e ncip
f 19
g y-gencatlg
942 ## - ADDED ENTRY ELEMENTS (KOHA)
Source of classification or shelving scheme Library of Congress Classification
Koha item type Monograph ( Printed materials)
Holdings
Withdrawn status Lost status Source of classification or shelving scheme Damaged status Not for loan Home library Current library Date acquired Total Checkouts Full call number Barcode Date last seen Price effective from Koha item type
    Library of Congress Classification     ARRUPE LIBRARY ARRUPE LIBRARY 25/09/2018   PN1993.5.A35 A36 1996 46600002151 25/09/2018 25/09/2018 Monograph ( Printed materials)

 

Arrupe Library. PO Box MP320 Mt Pleasant, Harare, Zimbabwe
263 242 745411|librarian@aju.ac.zw